| 000 | 00636 a2200217 4500 | ||
|---|---|---|---|
| 001 | 24367 | ||
| 999 |
_c24367 _d10893 |
||
| 003 | TR-AnTOB | ||
| 005 | 20190408213453.0 | ||
| 008 | 041102s1998 tu tur | ||
| 020 | _a9755108912 | ||
| 041 | _atur | ||
| 050 |
_aPR6070.O455 _bG8 1998 |
||
| 090 | _aPR6070.O455 G8 1998 | ||
| 100 |
_aHealy, Dermot _918720 |
||
| 245 | 0 |
_aBeklenmedik anlar :roman= Sudden times / _cDermot Healy ; çev. çev. Begüm Kovulmaz. |
|
| 264 | 1 |
_aİstanbul : _bİş Bankası Kültür Yay, _c2002 |
|
| 300 |
_a345 p. ; _c20 cm. |
||
| 490 | 0 | _aİş Bankası Kültür Yay. Genel Yay. ; 581. Edebiyat Dizisi ;195. | |
| 902 | _a0011561 | ||
| 942 | _cBK | ||